Elections and voters (Record no. 158005)

MARC details
000 -LEADER
fixed length control field 00748nam a2200253Ia 4500
008 - FIXED-LENGTH DATA ELEMENTS--GENERAL INFORMATION
fixed length control field 191130s2009##################000#0#eng##
020 ## - INTERNATIONAL STANDARD BOOK NUMBER
ISBN 9781403941275
082 ## - DEWEY DECIMAL CLASSIFICATION NUMBER
Classification number 324.9 EIJ
100 ## - MAIN ENTRY--AUTHOR NAME
Personal name Eijk, C. van der
245 ## - TITLE STATEMENT
Title Elections and voters
Statement of responsibility, etc by Cees van der Eijk, Mark N. Franklin
260 ## - PUBLICATION, DISTRIBUTION, ETC. (IMPRINT)
Place of publication Basingstoke, Hampshire
Name of publisher Palgrave Macmillan
Year of publication c2009
300 ## - PHYSICAL DESCRIPTION
Number of Pages xiii, 301 p. : ill. ; 24 cm
500 ## - GENERAL NOTE
General note Includes bibliographical references (p. 265-291) and indexes
650 ## - SUBJECT ADDED ENTRY--TOPICAL TERM
Topical Term Elections
Topical Term Kiesgedrag
Topical Term Verkiezingen
Topical Term Voting
700 ## - ADDED ENTRY--PERSONAL NAME
Personal name Franklin, Mark N
991 ## -
-- 145813
Holdings
Withdrawn status Lost status Damaged status Not for loan Home library Current library Shelving location Date acquired Full call number Accession Number Price effective from Koha item type
        Anna Centenary Library Anna Centenary Library 3RD FLOOR, B WING 12.10.2020 324.9 EIJ 308514 12.10.2020 English Books

Find us on the map